Las civilizaciones de la India

Uloženo v:
Podrobná bibliografie
Hlavní autor: Le Bon, Gustave (Autor)
Médium: Kniha
Jazyk:španělština
Vydáno: Buenos Aires Anaconda 1945
Témata:
Tagy: Přidat tag
Žádné tagy, Buďte první, kdo vytvoří štítek k tomuto záznamu!

MARC

LEADER 00000nam a2200000 a 4500
001 UCO2274
003 CL-VaPUC
008 000602e19450000AG |||||||||||||||||spa|d
082 0 4 |a 954  |b LEB  |2 21 
100 |a Le Bon, Gustave  |e author  |9 445285 
245 1 4 |a Las civilizaciones de la India 
300 |a 484 p 
942 |c BK 
945 |d 20000602 00:00:00  |a rherrera 
260 |a Buenos Aires  |b Anaconda  |c 1945 
650 7 |a HISTORIA DE LA INDIA  |2 CL-VaPUC  |9 438922 
650 0 |a Civilizaciones antiguas  |9 265998 
650 0 |a Religiones antiguas  |9 314285 
650 7 |a COLONIAS INGLESAS  |2 CL-VaPUC  |9 433674 
651 0 |a India  |9 267804 
583 |a last modification  |c 20000602 00:00:00  |k Rodrigo Vera 
999 |c 288810  |d 288808 
952 |0 0  |1 0  |4 0  |6 954_000000000000000_LEB_1945  |7 0  |8 A  |9 336738  |a BIBHIS  |b BIBHIS  |d 2019-11-20  |i 1284371  |o 954 LEB 1945  |p 1284371  |r 2025-01-20  |w 2019-11-20  |y BK  |k HIS